Những điều doanh nghiệp vần biết về chế độ khuyến khích đầu tư trong nước

Đã lưu trong:
书目详细资料
格式: 图书
语言:Undetermined
出版: H. Lao Động 2003
主题:
标签: 添加标签
没有标签, 成为第一个标记此记录!
Thư viện lưu trữ: Trung tâm Học liệu Trường Đại học Cần Thơ
LEADER 00565nam a2200181Ia 4500
001 CTU_58829
008 210402s9999 xx 000 0 und d
020 |b 47000 
082 |a 346.597066 
082 |b Nh556 
245 0 |a Những điều doanh nghiệp vần biết về chế độ khuyến khích đầu tư trong nước 
260 |a H. 
260 |b Lao Động 
260 |c 2003 
650 |a investments, vietnamese 
650 |x law and legislation 
904 |i Minh 
980 |a Trung tâm Học liệu Trường Đại học Cần Thơ